Estatísticas para Os 15 principais países afetados pela Covid-19 - 25 de junho

Clique aqui para jogar o quiz

Estatísticas Gerais

  • Esse quiz foi jogado 2 vezes
  • A pontuação média é 12 de 26

Estatísticas das Respostas

país% Correto
Brasil
100%
Estados Unidos
100%
Índia
100%
Itália
100%
México
100%
Reino Unido
100%
Rússia
100%
Alemanha
50%
Bélgica
50%
Chile
50%
Chile
50%
Espanha
50%
Irão
50%
Omã
50%
Peru
50%
Turquia
50%
Arábia Saudita
0%
Armênia
0%
Bahrein
0%
Bielorrússia
0%
Catar
0%
Kuweit
0%
Panamá
0%
Paquistão
0%
Singapura
0%
Suécia
0%

Distribuição das Pontuações

Percentil de Números Respondidos

Porcentagem de Pessoas com Cada Pontuação

Sua Pontuação Histórica

Você não jogou esse quiz